00358nam a2200145Ia 4500008004100000041000800041082001700049100001700066245003100083250000800114260005200122300000800174542001500182650001500197220531s9999 xx 000 0 und d aeng a-bFUN / PAU aPaul. S. Kr. aFundamentals of Accounting a4th aCalcuttabCentral Educational Enterprisesc2001 a982 d11-03-2017 aAccounting